| 000 | 00346nam a22001457a 4500 | ||
|---|---|---|---|
| 003 | SGT | ||
| 020 | _a9788192297750 | ||
| 082 |
_a617.645 _bF14M |
||
| 100 | _aMathewson, Richard J. | ||
| 245 | _aFundamentals of Pediatric Dentistry | ||
| 260 |
_bQuintessence Books _c2014 |
||
| 300 | _a400 | ||
| 650 | _aPediatric Dentistry | ||
| 942 |
_2ddc _cBK |
||
| 999 |
_c26810 _d26810 |
||